header

A world of excesses (Record no. 1584)

MARC details
000 -LEADER
fixed length control field 01182nam a2200301 a 4500
082 04 - DEWEY DECIMAL CLASSIFICATION NUMBER
Classification number 794.8
100 1# - MAIN ENTRY--AUTHOR NAME
Personal name Karlsen, Faltin.
245 12 - TITLE STATEMENT
Title A world of excesses
260 ## - PUBLICATION, DISTRIBUTION, ETC. (IMPRINT)
Place of publication Farnham, England :
Name of publisher Ashgate,
Year of publication 2013.
300 ## - PHYSICAL DESCRIPTION
Number of Pages x, 167 p. :
Other physical details ill.
650 #0 - SUBJECT ADDED ENTRY--TOPICAL TERM
Topical Term Internet games
856 40 - ELECTRONIC LOCATION AND ACCESS
Uniform Resource Identifier http://site.ebrary.com/lib/rucke/Doc?id=10714487

No items available.

© 2026 Rongo University
Contact us: librarian | system librarian | Rongo university